BCIS Wessex small works estimating price book 2006 (Record no. 105390)
[ view plain ]
| 000 -LEADER | |
|---|---|
| fixed length control field | 01216cam a2200277 4500 |
| 001 - CONTROL NUMBER | |
| control field | ##E133368 |
| 008 - FIXED-LENGTH DATA ELEMENTS--GENERAL INFORMATION | |
| fixed length control field | 050322n2006 000 0 eng u |
| 020 ## - INTERNATIONAL STANDARD BOOK NUMBER | |
| International Standard Book Number | 0954736982 |
| 035 ## - SYSTEM CONTROL NUMBER | |
| System control number | (Sirsi) u133368 |
| 041 0# - LANGUAGE CODE | |
| Language code of text/sound track or separate title | eng |
| 050 04 - LIBRARY OF CONGRESS CALL NUMBER | |
| Classification number | 692.5 $2 18 |
| 245 00 - TITLE STATEMENT | |
| Title | BCIS Wessex small works estimating price book 2006 |
| 250 ## - EDITION STATEMENT | |
| Edition statement | 12th ed. |
| 260 ## - PUBLICATION, DISTRIBUTION, ETC. | |
| Place of publication, distribution, etc. | Poole |
| Name of publisher, distributor, etc. | BCIS Wessex |
| Date of publication, distribution, etc. | 2006 |
| 300 ## - PHYSICAL DESCRIPTION | |
| Extent | Various pagings |
| Dimensions | 21 x 30cm. |
| 350 ## - PRICE (NR) (BK AM CF MU VM SE) [OBSOLETE] | |
| Price | 39 95 |
| 520 ## - SUMMARY, ETC. | |
| Summary, etc. | This title has been produced to service the specialised small works sector of the market. Contents include estimate pricing simply explained, labour and plant outputs, comprehensive selection of standard estimates, common estimate adjustments, breakdowns showing clearly the analysis of all pricing, drawings and specification of typical projects, legal and planning considerations, technical information, trade memoranda and extensive material price list. |
| 520 ## - SUMMARY, ETC. | |
| Summary, etc. | Supersedes 11th edition (ISBN 0954736931) |
| 520 ## - SUMMARY, ETC. | |
| Summary, etc. | Superseded by 13th edition (L137129). |
| 650 24 - SUBJECT ADDED ENTRY--TOPICAL TERM | |
| Topical term or geographic name entry element | WESSEX BUILDING PRICE BOOKS |
| 651 #4 - SUBJECT ADDED ENTRY--GEOGRAPHIC NAME | |
| Geographic name | United Kingdom |
| Chronological subdivision | |
| 690 ## - LOCAL SUBJECT ADDED ENTRY--TOPICAL TERM (OCLC, RLIN) | |
| Topical term or geographic name as entry element | BUILT ENVIRONMENT-BUILDING COSTS |
| 700 1# - ADDED ENTRY--PERSONAL NAME | |
| Personal name | Barnett, N.P. |
| 942 ## - ADDED ENTRY ELEMENTS (KOHA) | |
| Suppress in OPAC | 0 |
| Withdrawn status | Lost status | Source of classification or shelving scheme | Damaged status | Not for loan | Home library | Current library | Shelving location | Date acquired | Total Checkouts | Full call number | Barcode | Date last seen | Copy number | Price effective from | Koha item type | Date last checked out |
|---|---|---|---|---|---|---|---|---|---|---|---|---|---|---|---|---|
| Dewey Decimal Classification | London | London | RICS Boxes | 31/05/2006 | RICS 2006/12 | 30072946 | 06/08/2019 | 1 | 06/08/2019 | Archive | ||||||
| Dewey Decimal Classification | London | London | Basement | 31/05/2006 | 6 | BASEMENT | 30072948 | 06/08/2019 | 2 | 06/08/2019 | Book | 18/05/2007 |